书目信息 |
| 题名: |
基于项目学习的高中STEM课例设计
|
|
| 作者: | 郭艳 , 李波 , 吴俊和 主编 | |
| 分册: | ||
| 出版信息: | 西安 陕西科学技术出版社 2020 |
|
| 页数: | 173页 | |
| 开本: | 24cm | |
| 丛书名: | ||
| 单 册: | ||
| 中图分类: | G633.92 , G633.9 | |
| 科图分类: | ||
| 主题词: | 科学技术--活动课程--教案(教育)--高中 | |
| 电子资源: | ||
| ISBN: | 978-7-5369-7825-6 | |
| 000 | 00952nam0 2200253 450 | |
| 001 | 2330574321 | |
| 005 | 20231105082950.26 | |
| 010 | @a978-7-5369-7825-6@dCNY48.00 | |
| 100 | @a20200917d2020 em y0chiy50 ea | |
| 101 | 0 | @achi |
| 102 | @aCN@b610000 | |
| 105 | @aa z 000yy | |
| 200 | 1 | @a基于项目学习的高中STEM课例设计@9ji yu xiang mu xue xi de gao zhong STEM ke li she ji@f郭艳,李波,吴俊和主编 |
| 210 | @a西安@c陕西科学技术出版社@d2020 | |
| 215 | @a173页@c彩图@d24cm | |
| 330 | @a本书基于项目学习编写高中STEM课例,引导学生综合应用多学科知识解决生活中的实际问题,激发学生的好奇心,培养其动手能力,引导同学之间相互合作,锻炼学生解决实际问题的能力等。 | |
| 606 | 0 | @a科学技术@x活动课程@x教案(教育)@x高中 |
| 690 | @aG633.92@v5 | |
| 690 | @aG633.9@v4 | |
| 701 | 0 | @a郭艳@9guo yan@4主编 |
| 701 | 0 | @a李波@9li bo@4主编 |
| 701 | 0 | @a吴俊和@9wu jun he@4主编 |
| 801 | 0 | @aCN@b大连网信软件有限公司图书馆·11@c20231105 |
| 905 | @aBZT@dG633.9@e4 | |
| 基于项目学习的高中STEM课例设计/郭艳,李波,吴俊和主编.-西安:陕西科学技术出版社,2020 |
| 173页:彩图;24cm |
| ISBN 978-7-5369-7825-6:CNY48.00 |
| 本书基于项目学习编写高中STEM课例,引导学生综合应用多学科知识解决生活中的实际问题,激发学生的好奇心,培养其动手能力,引导同学之间相互合作,锻炼学生解决实际问题的能力等。 |
| ● |
| 相关链接 |
|
|
|
正题名:基于项目学习的高中STEM课例设计
索取号:G633.9/4
 
预约/预借
| 序号 | 登录号 | 条形码 | 馆藏地/架位号 | 状态 | 备注 |
| 1 | 2000948534 | 2000948534 | 安徽、中教混合/安徽时代(第一批)/22/ [索取号:G633.9/4] | 在馆 | |
| 2 | 2000948535 | 2000948535 | 安徽、中教混合/安徽时代(第一批)/22/ [索取号:G633.9/4] | 在馆 | |
| 3 | 2000948536 | 2000948536 | 安徽、中教混合/安徽时代(第一批)/22/ [索取号:G633.9/4] | 在馆 | |
| 4 | 2000948537 | 2000948537 | 安徽、中教混合/安徽时代(第一批)/22/ [索取号:G633.9/4] | 在馆 | |
| 5 | 2000948538 | 2000948538 | 安徽、中教混合/安徽时代(第一批)/22/ [索取号:G633.9/4] | 在馆 | |
| 6 | 2000948539 | 2000948539 | 安徽、中教混合/安徽时代(第一批)/22/ [索取号:G633.9/4] | 在馆 |